Statistiken für Asiatische Hauptstädte - Karten-Quiz

Klicken Sie hier um das Quiz zu spielen!

Allgemein

  • Dieses Quiz wurde 8.548 mal gespielt
  • Das Durchschnittsergebnis liegt bei 28 aus 48

Antworten auf der Karte

Die Antworten werden auf der Karte rot bzw. grün angezeigt, abhängig davon wie oft sie richtig erraten wurden.
 

Antwortstatistiken

Antwort% Korrekt
Tokio
92%
Peking
91%
Seoul
89%
Neu-Delhi
88%
Pjöngjang
84%
Ankara
83%
Bangkok
75%
Taipeh
75%
Singapur
74%
Jerusalem
69%
Abu Dhabi
68%
Hanoi
68%
Jakarta
68%
Ulaanbaatar
68%
Nikosia
66%
Kabul
65%
Manila
65%
Kuwait-Stadt
64%
Teheran
64%
Riad
63%
Sri Jayaward-
enepura Kotte
62%
Bagdad
60%
Baku
60%
Kathmandu
60%
Islamabad
59%
Kuala Lumpur
58%
Malé
58%
Tiflis
55%
Astana
53%
Beirut
52%
Damaskus
52%
Dhaka
52%
Doha
52%
Phnom Penh
51%
Sana'a
46%
Maskat
43%
Amman
42%
Jerewan
42%
Vientiane
41%
Dili
40%
Bandar Seri
Begawan
39%
Naypyidaw
38%
Bischkek
37%
Thimphu
37%
Aschgabat
35%
Manama
35%
Taschkent
35%
Duschanbe
29%

Verteilung der Resultate

Perzentil nach korrekt beantworteten Fragen

Anzahl Personen mit jedem Resultat

Ihre Resultats-Entwicklung

Sie haben dieses Quiz noch nicht gespielt